Sakanusoyin, cazador de Tierra del Fuego
Guardat en:
| Autor principal: | |
|---|---|
| Format: | Llibre |
| Idioma: | espanyol |
| Publicat: |
Santiago
Alfaguara
2000
|
| Edició: | 1a. ed |
| Col·lecció: | Alfaguara juvenil
|
| Matèries: | |
| Etiquetes: |
Afegir etiqueta
Sense etiquetes, Sigues el primer a etiquetar aquest registre!
|
MARC
| LEADER | 00000nam a2200000 a 4500 | ||
|---|---|---|---|
| 001 | UCH7228 | ||
| 003 | CL-VaPUC | ||
| 008 | 091109e20000000CL |||||||||||||||||spa|d | ||
| 020 | |a 9562391159 | ||
| 082 | 0 | 4 | |a Ch863 |b CAR |2 21 |
| 100 | |a Carvajal, Víctor |e author |9 569502 | ||
| 245 | 1 | 0 | |a Sakanusoyin, cazador de Tierra del Fuego |
| 250 | |a 1a. ed | ||
| 300 | |a 119 p | ||
| 942 | |c BK | ||
| 945 | |d 20091109 00:00:00 |a lazolas | ||
| 260 | |a Santiago |b Alfaguara |c 2000 | ||
| 500 | |a desde 12 años | ||
| 650 | 0 | |a Novelas chilenas |9 265425 | |
| 650 | 0 | |a Cuentos chilenos |9 308280 | |
| 650 | 0 | |a Literatura chilena |9 308278 | |
| 650 | 0 | |a Literatura infantil |9 307465 | |
| 583 | |a last modification |c 20091109 00:00:00 |k Rodrigo Vera | ||
| 490 | 0 | |a Alfaguara juvenil | |
| 999 | |c 337895 |d 337893 | ||